Gaming Quiz

Random Gaming or Video Games Quiz
Score 0/202 Timer 20:00
1 Play Today
Hint Answer % Correct
Washington JusticeDecay
87%
San Francisco Shocksuper
85%
Atlanta ReignDogman
84.5%
New York ExcelsiorJJONAK
82.7%
Philadelphia Fusioncarpe
82.6%
Hangzhou SparkArchitect
81.5%
Boston UprisingFusions
80.9%
Chengdu Huntersameng
80.7%
New York ExcelsiorMano
80.5%
San Francisco ShockTwilight
79.5%
Houston OutlawsMuma
79.3%
New York ExcelsiorHaksal
79.1%
Houston OutlawsMekO
78.8%
San Francisco Shockmoth
78.8%
Atlanta ReignErster
78.1%
Boston UprisingJerry
77.9%
Los Angeles ValiantKSP
77.9%
Dallas FuelGamsu
77.7%
San Francisco Shockta1yo
77.6%
Philadelphia FusionPoko
77.5%
Los Angeles GladiatorsOGE
77.2%
Seoul DynastyProfit
77.1%
Los Angeles GladiatorsSPACE
77.1%
Boston UprisingColourHex
77%
Toronto DefiantSurefour
77%
Houston OutlawsDanteh
76.9%
San Francisco ShockRascal
76.2%
Atlanta ReignEdison
75.8%
Dallas FuelNotE
75.6%
Washington JusticeJJANU
75.4%
Los Angeles ValiantKSF
75.1%
Atlanta ReignPokpo
75%
Boston UprisingPunk
75%
Dallas FuelDoha
74.9%
Dallas FuelOnigod
74.6%
Los Angeles GladiatorsBigG00se
74.6%
Paris EternalSoOn
74.4%
Atlanta ReignGator
74.3%
Guangzhou Chargenero
73.8%
New York ExcelsiorHOTBA
73.8%
Vancouver TitanssHockWave
73.5%
San Francisco ShockViol2t
73.4%
Los Angeles Gladiatorsbirdring
73.3%
Washington JusticeStitch
73%
New York ExcelsiorSaebyeolbe
72.2%
Toronto DefiantAgilities
72.1%
Philadelphia FusionSado
72%
San Francisco ShockSmurf
72%
New York ExcelsiorAnamo
71.8%
Chengdu HuntersJinMu
71.7%
San Francisco ShockSTRIKER
71.7%
Seoul DynastyGesture
71.5%
Philadelphia FusionFunnyAstro
70.8%
Paris EternalBenBest
70.8%
Atlanta ReignHawk
70.7%
Philadelphia FusionEqo
70.7%
Hangzhou SparkGuxue
70.6%
Philadelphia FusionFury
70.3%
New York ExcelsiorLibero
70.2%
Atlanta ReignMasaa
70.1%
Los Angeles GladiatorsShaz
70.1%
Shanghai DragonsFleta
70.1%
Paris EternalXzi
69.9%
Philadelphia FusionChipSa
69.4%
Vancouver TitansKSAA
69.1%
Philadelphia FusionAlarm
69.1%
San Francisco ShockChoihyobin
69%
New York ExcelsiorWhoRU
68.9%
Hint Answer % Correct
Los Angeles Gladiatorskevster
68.8%
Houston OutlawsLiNkzr
68.5%
Guangzhou ChargeneptuNo
68%
Paris EternalSp9rk1e
67.7%
Washington JusticeArK
67.7%
San Francisco ShockANS
67.6%
Dallas FuelaKm
67.4%
Houston Outlawsblasé
67.3%
Los Angeles GladiatorsMirroR
66.9%
Houston OutlawsHydration
66.6%
Vancouver TitansDalton
66.5%
Florida Mayhembqb
66.3%
Los Angeles ValiantMcGravy
66%
Seoul DynastySLIME
65.9%
Toronto DefiantKariV
65.8%
Dallas FuelCloser
65%
Houston OutlawsRapel
64.9%
Florida Mayhemsayaplayer
64.9%
Shanghai Dragonsdiem
64.7%
Guangzhou ChargeHappy
64.6%
Los Angeles ValiantShax
64.5%
Boston UprisingMyunb0ng
64.4%
Houston OutlawsJecse
64.4%
Los Angeles ValiantGiG
64.3%
Philadelphia FusionBoombox
64.1%
Dallas FuelCrimzo
64.1%
Chengdu HuntersElsa
64%
New York ExcelsiorNenne
63.9%
Seoul DynastyMarve1
63.7%
Vancouver TitansCarCar
63.5%
Atlanta Reignfrd
63.3%
Toronto DefiantBeast
63.3%
Atlanta ReignSaucy
62.6%
London SpitfireGlister
62.5%
Paris EternalFDGoD
62.5%
Florida MayhemGargoyle
62.4%
Boston UprisingHalo
62.4%
Toronto Defiantnumlocked
62.3%
Washington JusticerOar
62%
Chengdu HuntersYveltal
61.8%
Toronto DefiantLogix
61.8%
Paris EternalNiCOgdh
61.7%
Guangzhou ChargeRio
61.7%
Toronto DefiantKruise
61.4%
Chengdu HuntersLeave
61.3%
Florida MayhemFate
61.1%
Hangzhou SparkQoQ
61.1%
Dallas FueluNKOE
60.9%
Toronto DefiantNevix
60.9%
Florida MayhemYaki
60.7%
Shanghai DragonsDDing
60.6%
Los Angeles ValiantDreamer
60.5%
Hangzhou SparkiDK
60.4%
Atlanta ReignLr1s
60.3%
Washington JusticeAimGod
60.1%
Seoul Dynastytobi
59.9%
Shanghai DragonsFearless
59.8%
Vancouver TitansShRedLock
59.8%
Seoul DynastyBdosin
59.7%
Los Angeles ValiantLastro
59.6%
Guangzhou Chargeshu
59.4%
Atlanta ReignSharP
58.9%
Guangzhou ChargeCr0ng
58.8%
Chengdu HuntersBaconjack
58.6%
Philadelphia Fusionivy
58.6%
Hangzhou SparkAdo
58.6%
Paris EternalHanbin
58.4%
Shanghai DragonsGeguri
58.2%
Hint Answer % Correct
Guangzhou ChargeEileen
58.1%
Seoul DynastyMichelle
58%
Philadelphia FusionHeesu
57.9%
Shanghai DragonsVoid
57.6%
Hangzhou SparkGodsB
57.5%
Hangzhou SparkRia
57.4%
Vancouver TitansRoolf
57.1%
Seoul DynastyFITS
56.4%
Shanghai DragonsLIP
56%
Washington JusticeTTuba
55.9%
Hangzhou SparkBEBE
55.4%
Seoul DynastyToyou
55.2%
Boston Uprisingmikeyy
55.1%
Paris EternalFielder
55%
Florida MayhemKris
54.7%
Paris EternalNoSmite
54.7%
Chengdu HuntersMolly
54.5%
Los Angeles ValiantRaiN
54.5%
Florida MayhemGangnamjin
54.3%
Guangzhou ChargeKrystal
54.2%
Los Angeles GladiatorsLhCloudy
53.9%
Hangzhou SparkAdora
53.4%
Vancouver TitansTsuna
53.1%
Chengdu HuntersATing
53%
Shanghai DragonsStand1
53%
Boston UprisingAxxiom
53%
Dallas FuelPaintbrush
53%
New York ExcelsiorBianca
52.3%
Houston OutlawsBoink
51.8%
Los Angeles GladiatorsJaru
51.6%
Guangzhou ChargeChara
51.4%
Dallas FuelTrill
51.4%
Atlanta ReignFire
51.2%
Shanghai DragonsLeeJaeGon
50.8%
Toronto DefiantzYKK
49.4%
Los Angeles ValiantApply
48.6%
Shanghai DragonsIZaYaKI
48.3%
London SpitfireJMAC
48.2%
New York ExcelsiorMandu
48.1%
London SpitfireBernar
47.7%
London SpitfireKrillin
47.6%
Florida MayhemKarayan
47.2%
Chengdu HuntersKyo
45.8%
Shanghai DragonsLuffy
44.9%
London SpitfireSanGuiNar
44.8%
Los Angeles GladiatorsBischu
42%
Toronto DefiantRoKy
41.9%
London SpitfireHighly
41.3%
Toronto DefiantMangachu
41%
Seoul DynastyILLICIT
40.7%
Chengdu HuntersLengsa
40.2%
Chengdu Hunterslateyoung
40%
Seoul DynastyCreative
40%
Hangzhou SparkColdest
39%
Shanghai DragonsDiya
38.4%
Paris EternalSmex
38.2%
Hangzhou SparkSASIN
37.9%
London SpitfireSchwi
37.5%
Florida MayhemByrem
36.4%
London SpitfireALTHOUGH
36.2%
London SpitfireBabel
36%
Hangzhou SparkM1ka
35.5%
Guangzhou ChargeWya
34.4%
London SpitfireClestyn
31.4%
London SpitfireFuze
30.2%
London SpitfireJihun
27.2%
Remove Ads.
Support Sporcle.
Get the best of Sporcle when you Go Orange. This ad-free experience offers more features, more stats, and more fun while also helping to support Sporcle. Thank you for becoming a member.

You're not logged in!

Compare scores with friends on all Sporcle quizzes.
OR
Log In

Sporcle TV

Today on Sporcle TV


Watch our educational content, quiz creation guides, and fun videos on Sporcle TV.

Show Comments

Extras

Top Quizzes Today


Score Distribution

Paid Content

Your Account Isn't Verified!

In order to create a playlist on Sporcle, you need to verify the email address you used during registration. Go to your Sporcle Settings to finish the process.

Report this User

Report this user for behavior that violates our Community Guidelines.

Details: